| 000 | 00519nam a2200133Ia 4500 | ||
|---|---|---|---|
| 003 | GCL | ||
| 008 | 140319s9999 xx 000 0 ara d | ||
| 040 |
_aGCL / _cGCL |
||
| 082 | 0 | 4 |
_a301.34 _bر ب |
| 100 | 1 | _aرشاد احمد عبداللطيف | |
| 245 | 1 | 0 |
_aتنمية المجتمع وقضايا الاعلام التربوى مؤشرات التنمية بين التطورات النظرية والممارسة الميدانية / _cرشاد احمد عبداللطيف |
| 300 | _a228 ص | ||
| 490 |
_a100 قصة _v0 |
||
| 999 |
_c43347 _d43347 |
||